Diseño de un sistema de control automatizado para pruebas de generación de biogás
Tallennettuna:
| Päätekijä: | |
|---|---|
| Muut tekijät: | |
| Aineistotyyppi: | Kirja |
| Kieli: | Spanish |
| Julkaistu: |
[San José], Costa Rica
2015
|
| Aiheet: | |
| Tagit: |
Lisää tagi
Ei tageja, Lisää ensimmäinen tagi!
|
MARC
| LEADER | 00000nam a22000007a 4500 | ||
|---|---|---|---|
| 003 | 012408 | ||
| 005 | 20230912134129.0 | ||
| 008 | 160712b2015 cr a|||| |||| 00| ||spa d | ||
| 040 | |c cru CEDI | ||
| 090 | |a TFG 7566 | ||
| 100 | |9 1484 |a Conejo Zúñiga, Ronny Josué, 1993- | ||
| 245 | |a Diseño de un sistema de control automatizado para pruebas de generación de biogás | ||
| 260 | |a [San José], Costa Rica |c 2015 | ||
| 300 | |a ix, 51 hojas; ilustraciones | ||
| 500 | |a Proyecto de graduación (bachillerato en ingeniería eléctrica)--Universidad de Costa Rica. Facultad de Ingeniería. Escuela de Ingeniería Eléctrica | ||
| 501 | |a Profesor Guía de IE-0499 Proyecto Eléctrico: Ing. José David Rojas Fernández. PhD | ||
| 650 | |x GENERACION DE ENERGIA |x BIOGAS - PRODUCCION |x CONTROL AUTOMATICO - DISEÑO |x SISTEMAS DE CONTROL DIGITAL |9 5211 | ||
| 700 | |9 701 |a Rojas Fernández, José David, 1984- |d Director de Proyecto Eléctrico | ||
| 942 | |c CEDI | ||
| 999 | |c 16989 |d 16989 | ||
